Diagnóstico y propuestas sobre la Confederación Universitaria Centroamericana. Documento Consultivo
En el presente documento se presenta el diagnóstico y propuesta sobre la confederación universitaria centroamericana. El ejemplar se divide en cuatro capítulos retomando temas tales como: los antecedentes de la confederación, la política académica, el diagnóstico por áreas, propuestas para modificar...
Guardat en:
| Autor corporatiu: | |
|---|---|
| Format: | Text |
| Publicat: |
s.l. :
|
| Matèries: | |
| Etiquetes: |
Afegir etiqueta
Sense etiquetes, Sigues el primer a etiquetar aquest registre!
|
MARC
| LEADER | 00000 a a2200000 04500 | ||
|---|---|---|---|
| 001 | 16682 | ||
| 003 | |||
| 040 | |a CRAI/IIS |c CRAI/IIS | ||
| 090 | |a 0005 C748d | ||
| 110 | |a Confederación Universitaria Centroamericana | ||
| 245 | |a Diagnóstico y propuestas sobre la Confederación Universitaria Centroamericana. Documento Consultivo | ||
| 260 | |a s.l. : | ||
| 300 | |a 126 p. | ||
| 520 | |a En el presente documento se presenta el diagnóstico y propuesta sobre la confederación universitaria centroamericana. El ejemplar se divide en cuatro capítulos retomando temas tales como: los antecedentes de la confederación, la política académica, el diagnóstico por áreas, propuestas para modificar la estructura de organización y finalmente se presentan los problemas y las recomendaciones | ||
| 650 | |a UNIVERSIDADES | ||
| 650 | |a EDUCACION | ||
| 650 | |a CENTROAMERICA | ||
| 999 | |c 4336 |d 4336 | ||
